[Event "4NCL/Div3/AD2 vs. GUI3"]
[Site "West Bromwich ENG"]
[Date "2004.01.24"]
[Round "3.2"]
[White "Punnett, Alan K"]
[Black "Wallace, Paul"]
[Result "0-1"]
[WhiteElo "2139"]
[BlackElo "2166"]
[PlyCount "80"]
[EventDate "2004.01.24"]

1. e4 e5 2. Nf3 Nc6 3. d4 exd4 4. Nxd4 Qf6 5. Nb3 Qg6 6. Qe2 Nf6 7. Nc3 Bb4 8.
Bd2 O-O 9. f3 Re8 10. O-O-O d5 11. Nb5 Bd6 12. Nxd6 cxd6 13. Bc3 dxe4 14. Rxd6
Qg5+ 15. Bd2 Qe5 16. Rxf6 Qxf6 17. fxe4 Bf5 18. Qf3 Rxe4 19. g4 Rxg4 20. Bh3
Be4 21. Qxf6 gxf6 22. Re1 Rh4 23. Re3 Bg6 24. Bc3 Ne5 25. Nd4 Ng4 26. Rg3 Nf2
27. Bg2 Rxh2 28. Nf5 h5 29. Bxf6 Ng4 30. Ne7+ Kh7 31. Bd4 Re8 32. Nxg6 fxg6 33.
b3 Re2 34. Bxb7 Rxc2+ 35. Kb1 Rcd2 36. Bc3 Rxa2 37. Rd3 Rae2 38. Rd7+ Kh6 39.
Bg7+ Kg5 40. Rd5+ Kh4 0-1

[Event "4NCL/Div3/AD2 vs. GUI3"]
[Site "West Bromwich ENG"]
[Date "2004.01.24"]
[Round "3.3"]
[White "Mangwengwende, John"]
[Black "Allinson, Julian"]
[Result "0-1"]
[WhiteElo "2140"]
[BlackElo "2100"]
[PlyCount "70"]
[EventDate "2004.01.24"]

1. e4 c6 2. d4 d5 3. e5 Qb6 4. Nf3 Bg4 5. Be2 e6 6. O-O c5 7. dxc5 Bxc5 8. c3
Nc6 9. Nbd2 Qc7 10. b4 Bxf3 11. Nxf3 Bb6 12. Re1 Nge7 13. Bd3 a5 14. b5 Nb8 15.
Bd2 Nd7 16. Qe2 Bc5 {=} 17. Rab1 Nb6 18. Nd4 a4 19. Qg4 g6 20. Qh4 O-O-O 21.
Nf3 h6 22. Be3 Nf5 23. Bxf5 gxf5 24. Bxc5 Qxc5 25. Qd4 Qxd4 26. cxd4 Kd7 27.
Rec1 Rc8 28. Nd2 Rxc1+ 29. Rxc1 Rc8 30. Rxc8 Nxc8 31. Nb1 Na7 32. Nc3 Kc7 33.
f4 a3 34. h3 Kb6 35. g4 fxg4 {time} 0-1

[Event "4NCL/Div3/AD2 vs. GUI3"]
[Site "West Bromwich ENG"]
[Date "2004.01.24"]
[Round "3.4"]
[White "Stimpson, Philip M"]
[Black "Westwood, Richard D"]
[Result "1/2-1/2"]
[WhiteElo "2123"]
[BlackElo "2048"]
[PlyCount "28"]
[EventDate "2004.01.24"]

1. e4 e5 2. Bb5 Nf6 3. d4 exd4 4. Qxd4 a6 5. Bd3 Nc6 6. Qe3 d6 7. Nf3 g6 8. Nc3
Bg7 9. h3 O-O 10. O-O Nd7 11. Qg5 Bf6 12. Qh6 Bg7 13. Qg5 Bf6 14. Qh6 Bg7
1/2-1/2

[Event "4NCL/Div3/AD2 vs. GUI3"]
[Site "West Bromwich ENG"]
[Date "2004.01.24"]
[Round "3.5"]
[White "Beveridge, Nigel"]
[Black "Andersson, Frans"]
[Result "0-1"]
[WhiteElo "2028"]
[BlackElo "2103"]
[PlyCount "38"]
[EventDate "2004.01.24"]

1. c4 e6 2. Nc3 d5 3. d4 Nf6 4. Nf3 Be7 5. Bf4 c5 6. e3 O-O 7. Qc2 Nc6 8. O-O-O
cxd4 9. exd4 a6 10. Ne5 Bd7 11. Nxc6 Bxc6 12. c5 b6 13. b4 bxc5 14. bxc5 Qa5
15. Rd3 Ne4 16. Rh3 Qa3+ 17. Kd1 Qb4 18. Nxe4 Ba4 19. Rb3 Bxb3 0-1

[Event "4NCL/Div3/AD2 vs. GUI3"]
[Site "West Bromwich ENG"]
[Date "2004.01.24"]
[Round "3.6"]
[White "Shepley, Julien M"]
[Black "Spanton, Timothy"]
[Result "1/2-1/2"]
[WhiteElo "2112"]
[BlackElo "2020"]
[PlyCount "66"]
[EventDate "2004.01.24"]

1. d4 d5 2. Nf3 Nc6 3. Bf4 Bg4 4. e3 e6 5. Be2 Bd6 6. Ne5 Bxe5 7. Bxe5 Bxe2 8.
Qxe2 Nxe5 9. dxe5 c6 10. c4 Ne7 11. Nc3 O-O 12. O-O Qc7 13. f4 f6 14. exf6 Rxf6
15. cxd5 exd5 16. e4 Rxf4 17. exd5 Nxd5 18. Nxd5 cxd5 19. Rxf4 Qxf4 20. Qe6+
Qf7 21. Qxf7+ Kxf7 22. Rd1 Ke6 23. Kf2 Rc8 24. Rd2 Rc7 25. Ke3 Ke5 26. Kd3 b5
27. Re2+ Kd6 28. Re8 a5 29. Rd8+ Rd7 30. Ra8 a4 31. Kd4 Kc6 32. Rc8+ Kb6 33.
Rb8+ Kc6 1/2-1/2

[Event "4NCL/Div3/AD2 vs. GUI3"]
[Site "West Bromwich ENG"]
[Date "2004.01.24"]
[Round "3.7"]
[White "Pritchard, David"]
[Black "Hill, David F"]
[Result "0-1"]
[WhiteElo "1864"]
[BlackElo "2049"]
[PlyCount "96"]
[EventDate "2004.01.24"]

1. e4 e6 2. d4 d5 3. e5 c5 4. Qg4 Qa5+ 5. c3 cxd4 6. Bd3 Nc6 7. Nf3 dxc3 8.
bxc3 d4 9. O-O Nxe5 10. Nxe5 Qxe5 11. cxd4 Nf6 12. Qd1 Qa5 13. Nd2 Be7 14. Nc4
Qd5 15. Bb2 O-O 16. Re1 b5 17. Ne3 Qd7 18. Qe2 Rb8 19. Ng4 Nxg4 20. Qxg4 f5 21.
Qe2 Bf6 22. Rad1 Qd5 23. Bb1 Bd7 24. Rd3 Rfe8 25. f4 Bc6 26. Red1 Qd6 27. Qf2
Be4 28. R3d2 Bd5 29. Qe3 Rec8 30. Qa3 b4 31. Qg3 a5 32. h4 a4 33. h5 a3 34. Ba1
b3 35. axb3 Rxb3 36. Qf2 Qd8 37. Ba2 Bh4 38. Qe2 Rg3 39. Bxd5 Qxd5 40. Re1
Qxg2+ 41. Qxg2 Rxg2+ 42. Kxg2 Bxe1 43. Re2 Rc1 44. Ra2 Bc3 45. Bxc3 Rxc3 46.
Kf2 Rd3 47. Ke2 Rxd4 48. Ke3 Re4+ 0-1

[Event "4NCL/Div3/AD2 vs. GUI3"]
[Site "West Bromwich ENG"]
[Date "2004.01.24"]
[Round "3.8"]
[White "Morris, Claire H"]
[Black "McIntosh, Doreen"]
[Result "1-0"]
[WhiteElo "1616"]
[BlackElo "1304"]
[PlyCount "111"]
[EventDate "2004.01.24"]

1. e4 c5 2. Nf3 Nc6 3. d4 cxd4 4. Nxd4 g6 5. Be3 Nf6 6. Nc3 d6 7. f3 Bg7 8. Qd2
O-O 9. Bc4 a6 10. Nxc6 bxc6 11. Bh6 Rb8 12. Bb3 a5 13. h4 Qc7 14. O-O-O Be6 15.
Rdg1 d5 16. Bf4 Qc8 17. Bxb8 Qxb8 18. g4 Nd7 19. f4 Nc5 20. e5 Nxb3+ 21. axb3
f5 22. g5 c5 23. h5 Rc8 24. Qh2 Kf7 25. Rg3 Rg8 26. Rh3 d4 27. Ne2 Bd5 28. Rd1
e6 29. Kb1 Qa8 30. Nc1 Bf3 31. hxg6+ hxg6 32. Rd2 a4 33. bxa4 Bd5 34. Ra3 Rh8
35. Qe2 Bf8 36. Qb5 Rh4 37. Rf2 Be7 38. Rf1 c4 39. Rg3 c3 40. bxc3 dxc3 41.
Rxc3 Bg2 42. Rf2 Bd5 43. Rc7 Rh3 44. Nd3 Qh8 45. Kb2 Qd8 46. Qb6 Kf8 47. a5 Rh7
48. Nc5 Kf7 49. Rd2 Rh8 50. a6 Qa8 51. a7 Rc8 52. Na6 Ke8 53. Rxc8+ Qxc8 54.
Qb8 Bb7 55. Qxc8+ Bxc8 56. a8=Q 1-0

[Event "4NCL/Div3/WES2 vs. ATH"]
[Site "West Bromwich ENG"]
[Date "2004.01.24"]
[Round "3.1"]
[White "Pye, David E"]
[Black "van Voorthuijsen, Pieter W"]
[Result "1/2-1/2"]
[WhiteElo "2132"]
[BlackElo "2263"]
[PlyCount "42"]
[EventDate "2004.01.24"]

1. e4 c5 2. c3 Nf6 3. e5 Nd5 4. d4 cxd4 5. Qxd4 e6 6. Nf3 Nc6 7. Qe4 f5 8. exf6
Nxf6 9. Qh4 Be7 10. Bd3 O-O 11. Bg5 g6 12. Nbd2 Nh5 13. Bxe7 Qxe7 14. Qxe7 Nxe7
15. g3 b6 16. O-O Bb7 17. Ng5 Rac8 18. Rfe1 Nf6 19. Nge4 Nxe4 20. Bxe4 Bxe4 21.
Nxe4 Nd5 1/2-1/2

[Event "4NCL/Div3/WES2 vs. ATH"]
[Site "West Bromwich ENG"]
[Date "2004.01.24"]
[Round "3.2"]
[White "Quinn, John M"]
[Black "Hopkins, Jamie R"]
[Result "0-1"]
[WhiteElo "2167"]
[BlackElo "2136"]
[PlyCount "64"]
[EventDate "2004.01.24"]

1. d4 d6 2. g3 c6 3. Bg2 Nf6 4. c4 g6 5. Nc3 Bg7 6. Nf3 O-O 7. O-O Nbd7 8. e4
e5 9. h3 exd4 10. Nxd4 Re8 11. Re1 a5 12. Bf4 Ne5 13. b3 Nfd7 14. Be3 Nc5 {=}
15. Re2 Qe7 16. Rd2 Rd8 17. Rc1 Be6 18. f4 Ned7 19. Nxe6 Nxe6 20. Rxd6 Ndc5 21.
e5 f6 22. Nd5 cxd5 23. cxd5 fxe5 24. fxe5 Bxe5 25. Rxd8+ Rxd8 26. Qg4 Nd3 27.
Rf1 Ng7 28. Qe4 Nc5 29. Qc4 Bd6 30. Bd4 Nf5 31. Rxf5 gxf5 32. Bb2 Qe1+ 0-1

[Event "4NCL/Div3/WES2 vs. ATH"]
[Site "West Bromwich ENG"]
[Date "2004.01.24"]
[Round "3.3"]
[White "Rutter, Nicholas"]
[Black "Wismayer, Clive R"]
[Result "1-0"]
[WhiteElo "2124"]
[BlackElo "2150"]
[PlyCount "31"]
[EventDate "2004.01.24"]

1. e4 e6 2. Nf3 d5 3. Nc3 Nf6 4. e5 Nfd7 5. d4 c5 6. Bg5 Qb6 7. dxc5 Bxc5 8.
Qd2 Bxf2+ 9. Qxf2 Qxb2 10. Kd2 Qxa1 11. Bb5 Qxh1 12. Qc5 Qxg2+ 13. Kc1 Qxg5+
14. Nxg5 a6 15. Qxc8+ Ke7 16. Qxh8 1-0

[Event "4NCL/Div3/WES2 vs. ATH"]
[Site "West Bromwich ENG"]
[Date "2004.01.24"]
[Round "3.4"]
[White "McKeown, Paul"]
[Black "Brameld, Arthur F"]
[Result "1/2-1/2"]
[WhiteElo "2050"]
[BlackElo "2079"]
[PlyCount "75"]
[EventDate "2004.01.24"]

1. d4 Nf6 2. c4 e6 3. Nc3 c5 4. d5 exd5 5. cxd5 d6 6. Nf3 g6 7. h3 Bg7 8. e4
O-O 9. Bd3 Re8 10. O-O a6 11. a4 c4 12. Bxc4 Nxe4 13. Nxe4 Rxe4 14. Bg5 Bf6 15.
Bd3 Re8 16. Qd2 Bxg5 17. Nxg5 Nd7 18. Rae1 Ne5 19. Bc2 Bd7 20. Ne4 Bf5 21. Nc3
Bxc2 22. Qxc2 Rc8 23. Qd2 Qb6 24. Ne4 Kg7 25. a5 Qd8 26. f4 Nc4 27. Qd4+ f6 28.
Rc1 Qe7 29. Rfe1 Nxa5 30. Rxc8 Rxc8 31. Qb4 Rc4 32. Qxa5 Rxe4 33. Rxe4 Qxe4 34.
Qc7+ Kh6 35. Qxd6 Qd4+ 36. Kh2 Qxb2 37. Qf8+ Kh5 38. d6 1/2-1/2

[Event "4NCL/Div3/WES2 vs. ATH"]
[Site "West Bromwich ENG"]
[Date "2004.01.24"]
[Round "3.5"]
[White "Gregory, Keith D"]
[Black "Gruettner, Ralf"]
[Result "0-1"]
[WhiteElo "2096"]
[BlackElo "2055"]
[PlyCount "42"]
[EventDate "2004.01.24"]

1. Nf3 Nf6 2. b3 g6 3. Bb2 Bg7 4. g3 d6 5. Bg2 O-O 6. O-O e5 7. c4 Nc6 8. d4
Nh5 9. d5 Ne7 10. e4 Bh6 11. Nc3 Bd7 12. Ne1 Qc8 13. Bf3 Ng7 14. Bc1 Bxc1 15.
Rxc1 Bh3 16. Ng2 f5 17. Qd2 f4 18. gxf4 exf4 19. Rfd1 g5 20. Ne1 Ng6 21. Kh1
Ne5 0-1

[Event "4NCL/Div3/WES2 vs. ATH"]
[Site "West Bromwich ENG"]
[Date "2004.01.24"]
[Round "3.6"]
[White "Pedersen, Carsten"]
[Black "Clark, Ian C"]
[Result "1-0"]
[WhiteElo "2040"]
[BlackElo "2112"]
[PlyCount "77"]
[EventDate "2004.01.24"]

1. e4 c5 2. Nc3 e6 3. g3 d5 4. Bg2 d4 5. Nce2 Nc6 6. d3 Be7 7. f4 Nf6 8. Nf3 b5
9. a4 bxa4 10. Rxa4 O-O 11. O-O Rb8 12. b3 Qc7 13. h3 Nd7 14. g4 Nb6 15. Ra1 f5
16. Ng3 Nb4 17. Ne5 Bh4 18. Ne2 Be7 19. Bd2 Bd6 20. exf5 exf5 21. Bxb4 Bxe5 22.
Bxc5 Qxc5 23. fxe5 a5 24. Qd2 a4 25. gxf5 axb3 26. cxb3 Qxe5 27. Ra5 Qf6 28.
Qf4 Bb7 29. Bxb7 Rxb7 30. Qxd4 Qg5+ 31. Kh1 Rd8 32. Qe4 Re7 33. Re5 Rde8 34. d4
h6 35. f6 Rxe5 36. f7+ Kf8 37. fxe8=Q+ Kxe8 38. Qxe5+ Qxe5 39. dxe5 1-0

[Event "4NCL/Div3/WES2 vs. ATH"]
[Site "West Bromwich ENG"]
[Date "2004.01.24"]
[Round "3.8"]
[White "Dokter, Marike"]
[Black "Norman, Dinah"]
[Result "0-1"]
[WhiteElo "1376"]
[BlackElo "2022"]
[PlyCount "100"]
[EventDate "2004.01.24"]

1. e4 c6 2. d4 d5 3. Nc3 dxe4 4. Nxe4 Nd7 5. Nf3 Ngf6 6. Bd3 Nxe4 7. Bxe4 Nf6
8. Qd3 Nxe4 9. Qxe4 Qd5 10. Qxd5 cxd5 11. Bf4 Bf5 12. Rc1 Rc8 13. c3 e6 14. O-O
Be7 15. Rfe1 O-O 16. Nd2 Bf6 17. Nb3 b6 18. Na1 Rc6 19. Be3 Rfc8 20. Nc2 a5 21.
Na3 Bd3 22. Red1 Ba6 23. Nc2 Be7 24. Bf4 b5 25. a3 f6 26. Re1 Kf7 27. h3 g5 28.
Bh2 b4 29. axb4 axb4 30. Ra1 bxc3 31. bxc3 Bd3 32. Nb4 Rxc3 33. Nxd3 Rxd3 34.
Ra6 Bb4 35. Rb1 Rxd4 36. Ra7+ Kg6 37. Bc7 Rc4 38. Bb6 Rc1+ 39. Rxc1 Rxc1+ 40.
Kh2 h5 41. Rd7 h4 42. Ba7 Rc6 43. Kg1 Rc1+ 44. Kh2 Kf5 45. Be3 Rd1 46. Bb6 e5
47. Rc7 Ke6 48. Rb7 e4 49. Bc7 Bc5 50. Rb8 Bxf2 0-1

[Event "4NCL/Div3/SCS vs. SWD2"]
[Site "West Bromwich ENG"]
[Date "2004.01.24"]
[Round "3.1"]
[White "Reynolds, D Ian"]
[Black "Morris, Charles F"]
[Result "1/2-1/2"]
[WhiteElo "2103"]
[BlackElo "2225"]
[PlyCount "31"]
[EventDate "2004.01.24"]

1. e4 e6 2. d3 d5 3. Nd2 Nf6 4. Ngf3 Nc6 5. c3 e5 6. Be2 dxe4 7. dxe4 a5 8. O-O
Bc5 9. Qc2 O-O 10. Nc4 Qe7 11. h3 h6 12. Ne3 Rd8 13. b3 b6 14. Re1 Be6 15. Bb5
Na7 16. Bf1 1/2-1/2

[Event "4NCL/Div3/SCS vs. SWD2"]
[Site "West Bromwich ENG"]
[Date "2004.01.24"]
[Round "3.2"]
[White "May, Frank"]
[Black "Lutton, E Josiah"]
[Result "0-1"]
[WhiteElo "2146"]
[BlackElo "2050"]
[PlyCount "64"]
[EventDate "2004.01.24"]

1. d4 e6 2. Nf3 b5 3. e4 a6 4. Bd3 Bb7 5. O-O d6 6. Re1 Nd7 7. Nbd2 Ngf6 8. c3
Be7 9. a4 Bc6 10. Qe2 bxa4 11. e5 dxe5 12. dxe5 Ng4 13. Nd4 Ndxe5 14. Nxc6 Nxc6
15. Qxg4 Qxd3 16. Qxg7 Rf8 17. Rxa4 O-O-O 18. Qg3 Qb5 19. Rae4 Bg5 20. c4 Qf5
21. f4 Bf6 22. Nf3 Nb4 23. Qf2 Nd3 24. Qa7 Nxe1 25. Qxa6+ Kb8 26. Rxe1 Rd6 27.
Qa4 Rg8 28. Ne5 Bxe5 29. fxe5 Rb6 30. c5 Qf3 31. Qe4 Rxg2+ 32. Kh1 Qf2 0-1

[Event "4NCL/Div3/SCS vs. SWD2"]
[Site "West Bromwich ENG"]
[Date "2004.01.24"]
[Round "3.3"]
[White "Poobalasingam, Peter"]
[Black "Trevelyan, John"]
[Result "0-1"]
[WhiteElo "2020"]
[BlackElo "2145"]
[PlyCount "62"]
[EventDate "2004.01.24"]

1. d4 d6 2. c4 e5 3. dxe5 dxe5 4. Qc2 Nf6 5. Nc3 c6 6. Bg5 h6 7. Rd1 Nbd7 8.
Bh4 Bb4 9. Nf3 Qa5 10. e3 O-O 11. Be2 Re8 12. O-O Bxc3 13. bxc3 Qc5 14. h3 Nb6
15. Bg3 e4 16. Bd6 Qf5 17. Nd4 Qg6 18. Kh1 Nh7 19. a4 Qxd6 20. a5 Nd7 21. Nb5
Qe5 22. Nd6 Nc5 23. Nxe8 Qxe8 24. Rd4 Nf6 25. Rfd1 Bf5 26. Qb1 Qe5 27. Qb4 Nfd7
28. a6 b6 29. Rd6 Nd3 30. Bxd3 exd3 31. Rxc6 Nc5 0-1

[Event "4NCL/Div3/SCS vs. SWD2"]
[Site "West Bromwich ENG"]
[Date "2004.01.24"]
[Round "3.4"]
[White "Brown, Alan M"]
[Black "Bland, David"]
[Result "1-0"]
[WhiteElo "2113"]
[BlackElo "2006"]
[PlyCount "123"]
[EventDate "2004.01.24"]

1. d4 d5 2. Nf3 c6 3. c4 Nf6 4. cxd5 cxd5 5. Nc3 Nc6 6. Bf4 a6 7. e3 Bg4 8. Be2
e6 9. O-O Be7 10. Rc1 Nh5 11. Bg3 Nxg3 12. hxg3 O-O {=} 13. Na4 Rc8 14. Nc5
Bxc5 15. Rxc5 Qb6 16. Qc1 Ne7 17. Qc3 Bxf3 18. gxf3 Rxc5 19. dxc5 Qc7 20. Rc1
Rc8 21. f4 f6 22. Rc2 Nc6 23. Bf3 Rd8 24. Rd2 Qa5 {=} 25. Qxa5 Nxa5 26. f5 Kf7
27. fxe6+ Kxe6 28. Be2 Nc6 29. Kf1 g6 30. Bd1 Ke5 31. Ba4 f5 32. Ke2 Rc8 33.
f4+ Ke6 34. Bb3 Rd8 35. a3 Ne7 36. Ba2 Rc8 37. b4 a5 38. Bb3 axb4 39. axb4 Ra8
40. Kd3 Ra1 41. Rd1 Ra8 42. Kc3 h6 43. Rh1 h5 44. Rd1 Ra3 45. b5 Ra8 46. Kb4
Ra7 47. Ba4 d4 48. Bb3+ Nd5+ 49. Bxd5+ Kxd5 50. Rxd4+ Ke6 51. Rd6+ Kf7 52. Rd7+
Ke6 53. c6 Ra1 54. Rxb7 Re1 55. Rb8 Kd6 56. Rd8+ Kc7 57. Rd7+ Kc8 58. b6 Rb1+
59. Kc5 Rc1+ 60. Kd6 Rc3 61. b7+ Kb8 62. Rd8+ 1-0

[Event "4NCL/Div3/SCS vs. SWD2"]
[Site "West Bromwich ENG"]
[Date "2004.01.24"]
[Round "3.5"]
[White "Deva, Sagar"]
[Black "Binks, Michael"]
[Result "0-1"]
[WhiteElo "1995"]
[BlackElo "2131"]
[PlyCount "82"]
[EventDate "2004.01.24"]

1. d4 d5 2. c4 c6 3. cxd5 cxd5 4. Nc3 Nf6 5. Bg5 e6 6. Nf3 Be7 7. e3 Qa5 8. Nd2
Bd7 9. Bd3 h6 10. Bh4 Bc6 11. O-O Nbd7 12. a3 a6 13. b4 Qd8 14. Rb1 b5 15. Nb3
O-O 16. Na5 Qb6 17. Rc1 Rfc8 18. Bg3 Ne8 19. Qe2 Bd6 20. Na2 Bxg3 21. hxg3 Nd6
22. a4 {=} 22... Nc4 23. Bxc4 bxc4 24. Rb1 Bxa4 25. Nc3 Bb5 26. Qa2 f5 27. Na4
Bxa4 28. Qxa4 Qb5 29. Qxb5 axb5 30. Ra1 Rc7 31. f3 Nb6 32. Rfe1 Kf7 33. e4 dxe4
34. fxe4 Rd8 35. exf5 exf5 36. Re5 Rd5 37. Rae1 g6 38. Re6 Nc8 39. Nc6 c3 40.
Kf2 c2 41. Kf3 c1=Q 0-1

[Event "4NCL/Div3/SCS vs. SWD2"]
[Site "West Bromwich ENG"]
[Date "2004.01.24"]
[Round "3.6"]
[White "Adams, Mark A"]
[Black "Hawrami, Dana"]
[Result "0-1"]
[WhiteElo "1973"]
[BlackElo "1840"]
[PlyCount "118"]
[EventDate "2004.01.24"]

1. e4 c5 2. Nf3 d6 3. d4 cxd4 4. Nxd4 Nf6 5. Nc3 a6 6. f3 e5 7. Nb3 Be6 8. Be3
Nbd7 9. Qd2 Qc7 10. g4 h6 11. O-O-O Rb8 12. h4 b5 13. Qg2 Nb6 14. g5 hxg5 15.
hxg5 Rxh1 16. Qxh1 Nfd7 17. f4 b4 18. Nd5 Nxd5 19. exd5 Bf5 20. Bd3 Bxd3 21.
Rxd3 a5 22. Qe4 Kd8 23. Kb1 a4 24. Nc1 a3 25. Nb3 axb2 26. Bf2 Rc8 27. Rf3 exf4
28. Bd4 Ne5 29. Rxf4 Nc4 30. Bxb2 Nxb2 31. Kxb2 g6 32. Qd3 Bg7+ 33. Kb1 Qe7 34.
Re4 Qxg5 35. Qb5 Be5 36. Qxb4 Qg1+ 37. Re1 Qa7 38. Rxe5 dxe5 39. Qf8+ Kc7 40.
Qxf7+ Kb8 41. Qxg6 Qc7 42. Qd3 Qc4 43. Qxc4 Rxc4 44. Kc1 Kc7 45. Nd2 Rd4 46. c4
e4 47. Kc2 e3 48. Nf3 e2 49. Nxd4 e1=Q 50. Nb3 Qe2+ 51. Kc3 Qxa2 52. Kb4 Qa6
53. c5 Qb7+ 54. Kc4 Qa6+ 55. Kb4 Qa8 56. Kc4 Qa4+ 57. Kc3 Qe4 58. d6+ Kc6 59.
Kb2 Qd3 0-1

[Event "4NCL/Div3/SCS vs. SWD2"]
[Site "West Bromwich ENG"]
[Date "2004.01.24"]
[Round "3.7"]
[White "Lutton, J Arnold"]
[Black "Powell, Lloyd"]
[Result "0-1"]
[WhiteElo "1680"]
[BlackElo "1992"]
[PlyCount "84"]
[EventDate "2004.01.24"]

1. e4 c5 2. Nc3 Nc6 3. f4 g6 4. Nf3 Bg7 5. Bc4 e6 6. d3 Nge7 7. O-O O-O 8. a3
a6 9. Qe1 Nd4 10. Nxd4 cxd4 11. Ne2 d5 12. Ba2 dxe4 13. dxe4 Bd7 14. Ng3 Bb5
15. Rf3 Rc8 16. Bb3 Re8 17. f5 exf5 18. Bg5 Qd7 19. Qd2 Rc5 20. exf5 Nxf5 21.
c3 dxc3 22. Qxd7 Bxd7 23. bxc3 Rxc3 24. Rxc3 Bxc3 25. Rd1 Nxg3 26. hxg3 Be6 27.
Bxe6 Rxe6 28. Kf1 h5 29. Rd3 Bf6 30. Bd2 b5 31. Bb4 Be7 32. Bc3 f6 33. Bb2 Kf7
34. Kf2 Rc6 35. Rd2 Rc4 36. Kf3 Bxa3 37. Ba1 Be7 38. Rd7 Ke6 39. Rb7 Ra4 40.
Rb6+ Kf5 41. Bb2 Ra2 42. Bc1 Bc5 0-1

[Event "4NCL/Div3/SCS vs. SWD2"]
[Site "West Bromwich ENG"]
[Date "2004.01.24"]
[Round "3.8"]
[White "Blackburn, Sandra G"]
[Black "Lowry-O'Reilly, Hannah"]
[Result "1-0"]
[WhiteElo "1392"]
[BlackElo "1352"]
[PlyCount "169"]
[EventDate "2004.01.24"]

1. d4 d5 2. Nf3 Nf6 3. Bg5 Bf5 4. e3 e6 5. c4 Bxb1 6. Rxb1 c6 7. Qb3 Qa5+ 8.
Kd1 Qb4 9. Qxb4 Bxb4 10. a3 Be7 11. c5 Ne4 12. Bxe7 Kxe7 13. Ke2 Nd7 14. Nd2
Ndf6 15. Nxe4 Nxe4 16. f3 Nf6 17. Kf2 Kd7 18. Bd3 Rhe8 19. Rhe1 g6 20. g4 e5
21. b4 e4 22. Bc2 exf3 23. Kxf3 Ne4 24. Bxe4 Rxe4 25. h3 Rae8 26. a4 Kc7 27.
Re2 R8e6 28. b5 Rf6+ 29. Kg3 Rfe6 30. Kf3 Rf6+ 31. Kg3 Rfe6 32. Kf3 h6 33. b6+
axb6 34. Rxb6 Re8 35. Rb3 h5 36. gxh5 gxh5 37. Reb2 Kd8 38. a5 R8e7 39. Rg2 f6
40. Rg8+ Kc7 41. Rh8 h4 42. Ra8 Rg7 43. Ra7 Kb8 44. Ra6 Rxe3+ 45. Rxe3 bxa6 46.
Kf4 Rg2 47. Re8+ Kc7 48. Rh8 Ra2 49. Rxh4 Rxa5 50. Rh7+ Kd8 51. h4 Ra1 52. h5
Rh1 53. Kf5 a5 54. Kxf6 a4 55. Ke6 a3 56. Kd6 Ke8 57. Ra7 Rxh5 58. Kxc6 Rh4 59.
Kxd5 Kd8 60. Rxa3 Rh5+ 61. Kc4 Rh4 62. Ra7 Kc8 63. c6 Kd8 64. Kc5 Kc8 65. d5
Kb8 66. Rb7+ Ka8 67. Rb5 Rh7 68. d6 Ka7 69. Ra5+ Kb8 70. Kb6 Rb7+ 71. Kc5 Rh7
72. c7+ Rxc7+ 73. dxc7+ Kxc7 74. Ra6 Kd7 75. Rd6+ Ke7 76. Kd5 Kf7 77. Re6 Kg7
78. Ke5 Kf7 79. Kf5 Kg7 80. Rf6 Kh7 81. Rg6 Kh8 82. Rg1 Kh7 83. Kf6 Kh8 84. Kf7
Kh7 85. Rh1# 1-0

[Event "4NCL/Div3/NLIB1 vs. BRI2"]
[Site "West Bromwich ENG"]
[Date "2004.01.24"]
[Round "3.1"]
[White "Williams, Leighton"]
[Black "Dilleigh, Stephen P"]
[Result "1-0"]
[WhiteElo "2362"]
[BlackElo "2163"]
[PlyCount "51"]
[EventDate "2004.01.24"]

1. e4 d6 2. Nc3 g6 3. f4 Bg7 4. Nf3 c5 5. Bc4 Nc6 6. O-O e6 7. d3 Nge7 8. Qe1
h6 9. Kh1 a6 10. a4 Rb8 11. Bd2 Nd4 12. Nxd4 cxd4 13. Ne2 O-O 14. c3 d5 15. Ba2
dxc3 16. Bxc3 d4 17. Bb4 Qd7 18. f5 exf5 19. exf5 gxf5 20. Nf4 Re8 21. Qg3 Qc7
22. Rae1 b6 23. Rc1 Nc6 24. Rxc6 Qxc6 25. Nh5 Qg6 26. Qxg6 1-0

[Event "4NCL/Div3/NLIB1 vs. BRI2"]
[Site "West Bromwich ENG"]
[Date "2004.01.24"]
[Round "3.2"]
[White "Curtis, John"]
[Black "Jones, Richard S"]
[Result "0-1"]
[WhiteElo "2121"]
[BlackElo "2262"]
[PlyCount "48"]
[EventDate "2004.01.24"]

1. d4 Nf6 2. Nf3 g6 3. Bf4 Bg7 4. e3 d6 5. h3 O-O 6. Be2 Nbd7 7. O-O b6 8. c4
Bb7 9. Nc3 e6 10. b4 Qe7 11. Rc1 Rfd8 12. c5 dxc5 13. bxc5 Nxc5 14. Qc2 Na6 15.
Qa4 Nb4 16. Nb5 c5 17. dxc5 bxc5 18. Nc7 Rac8 19. Qa5 Nc6 20. Qxc5 Qxc5 21.
Rxc5 e5 22. Rb1 Nd7 23. Bg5 Nxc5 24. Bxd8 Nxd8 0-1

[Event "4NCL/Div3/NLIB1 vs. BRI2"]
[Site "West Bromwich ENG"]
[Date "2004.01.24"]
[Round "3.3"]
[White "Rees, Ioan"]
[Black "Easton, Alex"]
[Result "1-0"]
[WhiteElo "2179"]
[BlackElo "2091"]
[PlyCount "63"]
[EventDate "2004.01.24"]

1. d4 Nf6 2. c4 g6 3. Nc3 d5 4. cxd5 Nxd5 5. Na4 Bg7 6. e4 Nb6 7. Nf3 O-O 8.
Be2 Nxa4 9. Qxa4 Bg4 10. Be3 Nd7 11. O-O Nb6 12. Qb4 Qd6 13. Qd2 Bxf3 14. Bxf3
Nc4 15. Qe2 Nxe3 16. fxe3 e5 17. d5 Qb6 18. Rac1 c6 19. Kh1 Rad8 20. Rc2 Rd6
21. Rfc1 Re8 22. Qd3 Bh6 23. Rc3 Qxb2 24. Rb1 Qf2 25. h3 cxd5 26. exd5 b6 27.
e4 Qd2 28. Qb5 Qxc3 29. Qxe8+ Kg7 30. Qe7 Rf6 31. Rf1 Qd3 32. Qxf6+ 1-0

[Event "4NCL/Div3/NLIB1 vs. BRI2"]
[Site "West Bromwich ENG"]
[Date "2004.01.24"]
[Round "3.4"]
[White "White, Michael"]
[Black "Borg, Andrew"]
[Result "1-0"]
[WhiteElo "2068"]
[BlackElo "2123"]
[PlyCount "91"]
[EventDate "2004.01.24"]

1. e4 c6 2. d4 d5 3. exd5 cxd5 4. c4 Nf6 5. Nc3 g6 6. Qb3 Qb6 7. Qxb6 axb6 8.
cxd5 Bg7 9. Bc4 O-O 10. Nge2 Rd8 11. Bf4 Na6 12. O-O Nb4 13. Bc7 Rd7 14. d6
exd6 15. Bxb6 d5 16. Bb5 Nc6 17. Nf4 g5 18. Nd3 Ne4 19. Rfe1 Nd6 20. Bxc6 bxc6
21. Nc5 Bxd4 22. Nxd7 Bxc3 23. bxc3 Bxd7 24. Re7 Be6 25. Bd4 Nb5 26. a4 h6 27.
a5 Ra6 28. Rb7 Kh7 29. Rb6 Bc8 30. Rxa6 Bxa6 31. Re1 c5 32. Bxc5 Nxc3 33. Re7
Na4 34. Rxf7+ Kg6 35. Rc7 Kf5 36. f3 Ke5 37. Re7+ Kf6 38. Rc7 Ke5 39. Bf8 Bc4
40. Bxh6 Kd6 41. Rc8 Nc3 42. Bxg5 Kd7 43. Rd8+ Kc7 44. h4 Bd3 45. h5 Kb7 46. h6
1-0

[Event "4NCL/Div3/NLIB1 vs. BRI2"]
[Site "West Bromwich ENG"]
[Date "2004.01.24"]
[Round "3.5"]
[White "Arnold, Chris"]
[Black "Stock, Toby"]
[Result "1/2-1/2"]
[WhiteElo "2045"]
[BlackElo "2048"]
[PlyCount "35"]
[EventDate "2004.01.24"]

1. d4 Nf6 2. Nf3 g6 3. Nc3 d5 4. Bf4 Bg7 5. e3 O-O 6. Be2 c5 7. Ne5 Nc6 8. O-O
Bf5 9. Qd2 cxd4 10. exd4 Qb6 11. Nxc6 bxc6 12. Na4 Qb7 13. Bd3 Bxd3 14. Qxd3
Qb5 15. Nc5 Ne4 16. Nxe4 dxe4 17. Qxe4 Qxb2 18. Be5 1/2-1/2

[Event "4NCL/Div3/NLIB1 vs. BRI2"]
[Site "West Bromwich ENG"]
[Date "2004.01.24"]
[Round "3.6"]
[White "Boyce, G Michael"]
[Black "Gandy, Andrew"]
[Result "1/2-1/2"]
[WhiteElo "2000"]
[BlackElo "2103"]
[PlyCount "39"]
[EventDate "2004.01.24"]

1. Nf3 d5 2. c4 c6 3. b3 Bf5 4. g3 Nf6 5. Bg2 e6 6. Bb2 Nbd7 7. d3 h6 8. O-O
Be7 9. Nbd2 O-O 10. Rc1 a5 11. cxd5 cxd5 12. Nd4 Bh7 13. e4 dxe4 14. dxe4 Nc5
15. Qe2 Re8 16. Rfd1 e5 17. Nf5 Nd3 18. Nxe7+ Rxe7 19. Nc4 Rd7 20. Rb1 1/2-1/2

[Event "4NCL/Div3/NLIB1 vs. BRI2"]
[Site "West Bromwich ENG"]
[Date "2004.01.24"]
[Round "3.7"]
[White "Thomas, Joseff"]
[Black "Djabri, Kathy"]
[Result "0-1"]
[WhiteElo "2099"]
[BlackElo "2042"]
[PlyCount "100"]
[EventDate "2004.01.24"]

1. e4 c5 2. d4 cxd4 3. c3 dxc3 4. Nxc3 Nc6 5. Nf3 e6 6. Bc4 Bb4 7. O-O Nge7 8.
Bg5 Qa5 9. Nb5 d5 10. Bf4 O-O 11. Nc7 dxc4 12. Nxa8 e5 13. Be3 Bg4 14. a3 Bc5
15. Bxc5 Qxc5 16. Nc7 Nd4 17. Nd5 Nxd5 18. exd5 Qxd5 19. Kh1 Rd8 20. h3 Bh5 21.
Rc1 b5 22. Rc3 f6 23. Re3 Qa8 24. g4 Bg6 25. Kh2 Nc2 26. Qc1 Nxe3 27. fxe3 Be4
28. Nh4 Qd5 29. Rf2 Qd1 30. Qxd1 Rxd1 31. Re2 Kf7 32. Nf5 Bxf5 33. gxf5 Rd3 34.
Kg3 g6 35. fxg6+ Kxg6 36. Kf3 Kf5 37. Rg2 e4+ 38. Ke2 Rb3 39. Rg7 Rxb2+ 40. Kd1
a5 41. Rxh7 Rb3 42. Kd2 b4 43. axb4 axb4 44. Rc7 Rd3+ 45. Kc2 Rxe3 46. Rxc4
Rc3+ 47. Rxc3 bxc3 48. Kxc3 Kg5 49. Kd4 f5 50. Ke3 Kh4 0-1